| 000 | 00381nam a2200133 a 4500 | ||
|---|---|---|---|
| 001 | 000031165 | ||
| 005 | 20200930062738.0 | ||
| 008 | 110614s1996 dr 000 0 spa d | ||
| 040 |
_aDO-SdBNP _bspa _cBNPHU |
||
| 245 | 0 | 0 | _aManual de contabilidad de los botiquines veterinarios. |
| 260 |
_aSanto Domingo : _bCe-Mujer _bVetermón, _c1996. |
||
| 300 |
_a22 p. ; _c27 cm. |
||
| 049 | _aBNPD | ||
| 999 |
_c30657 _d30657 |
||